| 000 | 01853cam a2200373 i 4500 | ||
|---|---|---|---|
| 003 | SA-RiAUC | ||
| 005 | 20260330121656.0 | ||
| 008 | 251128s1962 su f z f000r0 ara c | ||
| 040 |
_aSA-JeALM _bara _cSA-RiAUC _dSA-RiKSU _erda |
||
| 043 |
_aa-su--- _aa-iq--- |
||
| 082 | 0 | 4 |
_a382.915310567 _qSA-RiAUC |
| 090 |
_a382.915310567 _bس ع و |
||
| 110 | 1 |
_aالسعودية _eمؤلف. |
|
| 240 | 1 | 0 | _aأمر سامي (1376 هجري) |
| 245 | 1 | 2 |
_aالاتفاقية التجارية بين المملكة العربية السعودية، والمملكة العراقية / _cوزارة المالية والاقتصاد الوطني. |
| 250 | _aالطبعة الثانية. | ||
| 264 | 1 |
_a[الرياض] : _bمطبعة الحكومة، _c1961 |
|
| 300 |
_a12 صفحة ؛ _c24 × 17 سم |
||
| 336 |
_aنص _btxt _2rdacontent _3كتاب |
||
| 337 |
_aبدون وسيط _bn _2rdamedia |
||
| 338 |
_aمجلد _bnc _2rdacarrier |
||
| 500 | _aصدر الأمر السامي بالموافقة عليها برقم 8591-1 في 7 / 12 / 76 هـ.، القيمة ريال واحد. | ||
| 650 | 7 |
_aالمطبوعات الحكومية _2aucsh |
|
| 651 | 7 |
_aالسعودية _vمعاهدات تجارية _2aucsh |
|
| 651 | 7 |
_aالسعودية _xمطبوعات حكومية _2aucsh |
|
| 651 | 7 |
_aالعراق _xالتجارة _xمعاهدات _zالسعودية _2aucsh |
|
| 651 | 7 |
_aالعراق _xالتجارة _xمطبوعات حكومية _zالسعودية _2aucsh |
|
| 651 | 7 |
_aالسعودية _xمطبوعات حكومية _2aucsh |
|
| 710 | 1 |
_aالعراق. _tمعاهدات، إلخ. _gالسعودية |
|
| 710 | 1 |
_aالسعودية. _tمعاهدات، إلخ. _gالعراق |
|
| 710 | 1 |
_aالسعودية. _bوزارة المالية والاقتصاد الوطني _eمؤلف. |
|
| 942 |
_2ddc _cBOOK _n0 |
||
| 949 |
_aSA-JeALM _d251128 _umohamedma123 _n1 |
||
| 999 |
_c14680 _d14680 |
||